000 00533nam a2200169Ia 4500
003 GCL
008 140319s9999 xx 000 0 ara d
040 _aGCL /
_cGCL
082 0 4 _a920
_bم ا
100 1 _aمحمد عبداللطيف صالح الفرفور
245 1 0 _aاعلام دمشق فى القرن الرابع عشر الهجرى /
_cمحمد عبداللطيف صالح الفرفور
260 _a[S.N] :
_bدار الملاح ،
_c1987
300 _a432 ص
490 _a
650 0 4 _aدمشق
942 _2ddc
_cBK
999 _c27487
_d27487